Sports Quiz

Random Sports or Nintendo Quiz

Minnesota Twins 2009 Roster Quiz Stats

 Plays Quiz not verified by Sporcle

Challenge
Share
Tweet
Embed
Score 0/31 Timer 10:00
0 Plays Today
Position Player Name % Correct
CatcherJoe Mauer
98.7%
InfielderJustin Morneau
95%
Outfielder/Infielder now :)Michael Cuddyer
94.1%
Designated Hitter/OutfielderJason Kubel
89.8%
InfielderNick Punto
89.1%
PitcherJoe Nathan
88.9%
OutfielderDenard Span
87.8%
PitcherScott Baker
84.3%
OutfielderDelmon Young
81%
PitcherFrancisco Liriano
80.2%
CatcherMike Redmond
80.2%
OutfielderCarlos Gomez
79.5%
PitcherNick Blackburn
75.8%
InfielderAlexi Casilla
73.9%
PitcherCarl Pavano
65.1%
InfielderBrendan Harris
62.5%
Position Player Name % Correct
PitcherJesse Crain
62.1%
CatcherJose Morales
57.7%
InfielderJoe Crede
57.3%
PitcherMatt Guerrier
55.3%
PitcherJose Mijares
54%
InfielderOrlando Cabrera
52.3%
InfielderMatt Tolbert
52.3%
PitcherJon Rauch
51%
PitcherBrian Duensing
48.1%
InfielderBrian Buscher
36.2%
PitcherRon Mahay
33.8%
PitcherJeff Manship
26.8%
PitcherBob Keppel
17.2%
InfielderJustin Huber
12%
PitcherArmando Gabino
8.1%

You're not logged in!

Compare scores with friends on all Sporcle quizzes.
Join for Free
OR
Log In

You Might Also Like...

Show Comments

Extras

Top Quizzes Today


Score Distribution

Your Account Isn't Verified!

In order to create a playlist on Sporcle, you need to verify the email address you used during registration. Go to your Sporcle Settings to finish the process.

Report this User

Report this user for behavior that violates our Community Guidelines.

Details: